| 000 | 00614nam a2200229Ia 4500 | ||
|---|---|---|---|
| 003 | GCL | ||
| 008 | 140319s9999 xx 000 0 eng d | ||
| 020 | _a1857150740 | ||
| 040 |
_aGCL / _cGCL |
||
| 082 | 0 | 4 |
_a823 _bC C |
| 100 | 1 | _aCHAUCER, GEOFFERY | |
| 245 | 1 | 0 |
_aCANTERBURY TALES / _cCHAUCER, GEOFFERY |
| 700 | 1 | _aCAWLEY, A.C | |
| 700 | 1 | _aPEARSALL, DEREK | |
| 260 |
_aانجلترا : _bEVERYMAN'S LIBRARY ، _c1992 |
||
| 300 |
_a21 CM ؛ _cXLI, 612 P |
||
| 490 |
_aTHE MILLENNIUM LIBRARY _v74 |
||
| 650 | 0 | 4 | _aENGLISH LITERATURE |
| 650 | 0 | 4 | _aLITERATURE |
| 650 | 0 | 4 | _aENGLISH FICTION |
| 942 |
_2ddc _cBK |
||
| 999 |
_c5849 _d5849 |
||